LEADER 01377nam0 22003613i 450 001 RAV1955621 005 20231121125647.0 010 $a9788815233653 100 $a20130326d2012 ||||0itac50 ba 101 | $aita$cita 102 $ait 181 1$6z01$ai $bxxxe 182 1$6z01$an 200 1 $aStoria della malattia di Alzheimer$fMatteo Borri 210 $aBologna$cIl mulino$d2012 215 $a181 p.$d21 cm. 225 | $aSaggi$v765 410 0$1001CFI0000015$12001 $aSaggi$v765 500 10$aStoria della malattia di Alzheimer$3RAV1955622$9CFIV196646$9833540 606 $aMalattia di Alzheimer$xStudi$xStoria$2FIR$3LO1C516136$9I 606 $aMalattia di Alzheimer$xStoria$2FIR$3LO1C451947$9I 676 $a610.904$9MEDICINA. 20. sec.$v21 676 $a616.831$9Scienze mediche. Medicina. Malattia di Alzheimer$v20 700 1$aBorri$b, Matteo$3CFIV196646$0520396 801 3$aIT$bIT-01$c20130326 850 $aIT-RM0263 $aIT-FR0017 899 $aBIBLIOTECA MEDICA STATALE$bRM0263 899 $aBiblioteca umanistica Giorgio Aprea$bFR0017 $eN 912 $aRAV1955621 950 0$aBiblioteca umanistica Giorgio Aprea$d 52MAG 12/2564$e 52SBA0000147515 VMN RS $fA $h20130326$i20130326 977 $a 05$a 52 996 $aStoria della malattia di Alzheimer$9833540 997 $aUNICAS LEADER 03545oam 2200673zu 450 001 9910220155903321 005 20210807000949.0 010 $a0-8330-8488-7 035 $a(CKB)2560000000315330 035 $a(SSID)ssj0001578441 035 $a(PQKBManifestationID)16254548 035 $a(PQKBTitleCode)TC0001578441 035 $a(PQKBWorkID)14860555 035 $a(PQKB)11464197 035 $a(oapen)doab115281 035 $a(EXLCZ)992560000000315330 100 $a20160829d2013 uy 101 0 $aeng 135 $aurmn|---annan 181 $ctxt 182 $cc 183 $acr 200 10$aDo joint fighter programs save money 210 $cRAND Corporation$d2013 210 31$a[Place of publication not identified]$cRand$d2013 215 $a1 online resource 300 $aBibliographic Level Mode of Issuance: Monograph 311 08$a0-8330-7456-3 327 $aIntroduction -- Historical Joint Fighter and Other Joint Aircraft Programs: Analysis of Savings and Costs -- Joint Strike Fighter Program: Analysis of Savings and Costs -- Additional Implications of Joint Aircraft Programs -- Conclusions. 330 $aIn the past 50 years, the U.S. Department of Defense has pursued numerous joint aircraft programs, the largest and most recent of which is the F-35 Joint Strike Fighter (JSF). Joint aircraft programs are thought to reduce Life Cycle Cost (LCC) by eliminating duplicate research, development, test, and evaluation efforts and by realizing economies of scale in procurement, operations, and support. But the need to accommodate different service requirements in a single design or common design family can lead to greater program complexity, increased technical risk, and common functionality or increased weight in excess of that needed for some variants, potentially leading to higher overall cost, despite these efficiencies. To help Air Force leaders (and acquisition decisionmakers in general) select an appropriate acquisition strategy for future combat aircraft, this report analyzes the costs and savings of joint aircraft acquisition programs. The project team examined whether historical joint aircraft programs have saved LCC compared with single-service programs. In addition, the project team assessed whether JSF is on track to achieving the joint savings originally anticipated at the beginning of full-scale development. Also examined were the implications of joint fighter programs for the health of the industrial base and for operational and strategic risk. 606 $aF-35 (Military aircraft)$xCosts$zUnited States 606 $aFighter planes 606 $aLife cycle costing 606 $aAir Forces$2HILCC 606 $aMilitary & Naval Science$2HILCC 606 $aLaw, Politics & Government$2HILCC 615 0$aF-35 (Military aircraft)$xCosts 615 0$aFighter planes. 615 0$aLife cycle costing. 615 7$aAir Forces 615 7$aMilitary & Naval Science 615 7$aLaw, Politics & Government 676 $a358.4/183 700 $aLorell$b Mark A$0851520 702 $aLeonard$b Robert S 702 $aLeonard$b Robert S 702 $aAn$b David L 702 $aAbramzon$b Shmuel 702 $aMunson$b Kenneth 702 $aKennedy$b Michael 702 $aKennedy$b Michael 702 $aGuffey$b Robert A 712 02$aRand Corporation 712 02$aUnited States 801 0$bPQKB 906 $aBOOK 912 $a9910220155903321 996 $aDo joint fighter programs save money$91901146 997 $aUNINA